000 00375pab a2200157 454500
008 180718b1998 xxu||||| |||| 00| 0 eng d
100 _aDhillon, K.S.
245 _aIndian police: 1947-97 a random review
260 _c1998
300 _ap.44-55
362 _aJan-Jun
650 _aPolice - India
650 _aPolice
773 _aIndian Police Journal
909 _a37453
999 _c37453
_d37453